[Event "WCO2014"]
[Site "Tromso"]
[Date "2014.08.12"]
[Round "10.1"]
[WhiteID "15000630"]
[White "Koskoska Gabriela"]
[BlackID "10100903"]
[Black "Caxita Esperanca"]
[Result "1-0"]
[LiveChessVersion "1.4.3"]
[BlackElo "1727"]
[WhiteElo "2102"]

1. Nf3 {[%clk 1:30:54]} Nf6 {[%clk 1:30:36]} 2. c4 {[%clk 1:30:38]} c6
{[%clk 1:30:00]} 3. g3 {[%clk 1:26:42]} d5 {[%clk 1:28:17]} 4. Bg2
{[%clk 1:25:21]} Bf5 {[%clk 1:27:46]} 5. b3 {[%clk 1:22:45]} e6 {[%clk 1:25:53]}
6. O-O {[%clk 1:22:31]} Be7 {[%clk 1:24:35]} 7. Bb2 {[%clk 1:22:09]} O-O
{[%clk 1:24:36]} 8. d3 {[%clk 1:22:31]} h6 {[%clk 1:24:27]} 9. Nbd2
{[%clk 1:21:16]} Nbd7 {[%clk 1:22:36]} 10. Re1 {[%clk 1:17:56]} Bc5
{[%clk 1:16:50]} 11. h3 {[%clk 0:55:52]} dxc4 {[%clk 1:13:37]} 12. Nxc4
{[%clk 0:55:11]} Qc7 {[%clk 1:12:19]} 13. d4 {[%clk 0:42:25]} Bb4
{[%clk 1:11:26]} 14. Nfd2 {[%clk 0:38:15]} b5 {[%clk 1:09:06]} 15. a3
{[%clk 0:35:26]} Be7 {[%clk 1:03:09]} 16. Ne3 {[%clk 0:31:06]} Bg6
{[%clk 1:02:28]} 17. Rc1 {[%clk 0:29:59]} Nb8 {[%clk 1:01:21]} 18. Nc2
{[%clk 0:25:37]} Bd6 {[%clk 0:57:33]} 19. e4 {[%clk 0:23:02]} e5 {[%clk 0:56:54]}
20. f4 {[%clk 0:20:19]} Qb6 {[%clk 0:51:48]} 21. Kh1 {[%clk 0:20:02]} Nh5
{[%clk 0:50:41]} 22. fxe5 {[%clk 0:19:34]} Be7 {[%clk 0:50:30]} 23. Nf1
{[%clk 0:18:34]} f5 {[%clk 0:49:17]} 24. exf5 {[%clk 0:16:04]} Bxf5
{[%clk 0:49:45]} 25. Qxh5 {[%clk 0:16:16]} Bg5 {[%clk 0:48:52]} 26. Nce3
{[%clk 0:16:09]} Bd3 {[%clk 0:48:04]} 27. h4 {[%clk 0:14:39]} g6 {[%clk 0:48:04]}
28. Qg4 {[%clk 0:13:38]} Bxf1 {[%clk 0:47:59]} 29. Rxf1 {[%clk 0:13:21]} Be7
{[%clk 0:45:27]} 30. Qxg6+ {[%clk 0:13:27]} Kh8 {[%clk 0:45:51]} 31. Be4 1-0

[Event "WCO2014"]
[Site "Tromso"]
[Date "2014.08.12"]
[Round "10.2"]
[WhiteID "10100768"]
[White "Domingos Maria M"]
[BlackID "15000141"]
[Black "Bejatovic Bojana"]
[Result "1/2-1/2"]
[LiveChessVersion "1.4.3"]
[BlackElo "1980"]
[WhiteElo "1576"]

1. e4 {[%clk 1:30:57]} Nf6 {[%clk 1:30:51]} 2. Nc3 {[%clk 1:30:51]} d5
{[%clk 1:31:00]} 3. exd5 {[%clk 1:28:34]} Nxd5 {[%clk 1:31:14]} 4. Nxd5
{[%clk 1:28:06]} Qxd5 {[%clk 1:31:35]} 5. Qf3 {[%clk 1:28:26]} Qc5
{[%clk 1:27:26]} 6. c3 {[%clk 1:27:10]} e5 {[%clk 1:25:13]} 7. Qe4
{[%clk 1:26:23]} f5 {[%clk 1:19:38]} 8. Qc4 {[%clk 1:25:46]} Qd6 {[%clk 1:16:18]}
9. Nf3 {[%clk 1:24:17]} Be6 {[%clk 1:04:47]} 10. Qb5+ {[%clk 1:23:21]} Nc6
{[%clk 0:59:44]} 11. Qxb7 {[%clk 1:21:01]} Rb8 {[%clk 0:59:45]} 12. Qa6
{[%clk 1:20:19]} Rb6 {[%clk 0:55:33]} 13. Qa4 {[%clk 1:19:55]} Be7
{[%clk 0:55:16]} 14. d4 {[%clk 1:14:31]} O-O {[%clk 0:48:28]} 15. Bc4
{[%clk 1:13:49]} exd4 {[%clk 0:47:14]} 16. O-O {[%clk 1:11:05]} dxc3
{[%clk 0:45:04]} 17. bxc3 {[%clk 1:10:58]} Ne5 {[%clk 0:41:08]} 18. Nxe5
{[%clk 1:09:28]} Qxe5 {[%clk 0:41:30]} 19. Bf4 {[%clk 1:08:52]} Qe4
{[%clk 0:32:10]} 20. Bxe6+ {[%clk 1:07:23]} Rxe6 {[%clk 0:32:23]} 21. Qxe4
{[%clk 1:07:14]} Rxe4 {[%clk 0:31:34]} 22. Bxc7 {[%clk 1:07:27]} Bf6
{[%clk 0:30:48]} 23. Rfc1 {[%clk 1:03:25]} Rc8 {[%clk 0:27:20]} 24. Ba5
{[%clk 1:02:47]} Ra4 {[%clk 0:25:39]} 25. Bb4 {[%clk 1:00:39]} a5
{[%clk 0:25:41]} 26. Bd6 {[%clk 1:00:11]} Rc6 {[%clk 0:24:57]} 27. Bb8
{[%clk 0:59:35]} Bxc3 {[%clk 0:24:07]} 28. Rab1 {[%clk 0:55:12]} Rxa2
{[%clk 0:21:46]} 29. Be5 {[%clk 0:51:50]} Bxe5 {[%clk 0:15:30]} 30. Rxc6
{[%clk 0:51:29]} a4 {[%clk 0:15:45]} 31. Re6 {[%clk 0:50:38]} Bd4
{[%clk 0:14:39]} 32. Rf1 {[%clk 0:45:56]} a3 {[%clk 0:13:53]} 33. Ra6
{[%clk 0:46:08]} Bc5 {[%clk 0:13:31]} 34. Ra5 {[%clk 0:46:07]} Bb4
{[%clk 0:13:00]} 35. Rxf5 {[%clk 0:44:24]} Rb2 {[%clk 0:11:07]} 36. Rd5
{[%clk 0:43:43]} Bc3 {[%clk 0:05:53]} 37. Rd3 {[%clk 0:42:12]} Rc2
{[%clk 0:04:26]} 38. Rd8+ {[%clk 0:40:45]} Kf7 {[%clk 0:04:50]} 39. Rc8
{[%clk 0:41:10]} Ke6 {[%clk 0:04:19]} 40. Rd1 {[%clk 0:39:11]} a2
{[%clk 0:03:51]} 41. h3 {[%clk 0:38:56]} Kf5 {[%clk 0:01:16]} 42. Rc6
{[%clk 0:38:38]} h5 {[%clk 0:28:55]} 43. Kf1 {[%clk 1:09:35]} h4 {[%clk 0:28:31]}
44. Kg1 {[%clk 1:09:33]} Ke5 {[%clk 0:25:41]} 45. Kf1 {[%clk 1:09:01]} Kf5
{[%clk 0:20:33]} 1/2-1/2

[Event "WCO2014"]
[Site "Tromso"]
[Date "2014.08.12"]
[Round "10.3"]
[WhiteID "15000133"]
[White "Nikolovska Dragana"]
[BlackID "10100920"]
[Black "Joao Delfina"]
[Result "1-0"]
[LiveChessVersion "1.4.3"]
[BlackElo "1534"]
[WhiteElo "1893"]

1. e4 {[%clk 1:30:55]} e6 {[%clk 1:30:46]} 2. d4 {[%clk 1:31:18]} d5
{[%clk 1:31:06]} 3. Nd2 {[%clk 1:31:36]} Nf6 {[%clk 1:31:19]} 4. e5
{[%clk 1:31:56]} Nfd7 {[%clk 1:31:41]} 5. Bd3 {[%clk 1:32:14]} c5
{[%clk 1:31:52]} 6. c3 {[%clk 1:32:30]} Nc6 {[%clk 1:31:48]} 7. Ngf3
{[%clk 1:32:35]} Qb6 {[%clk 1:31:49]} 8. O-O {[%clk 1:32:43]} cxd4
{[%clk 1:31:25]} 9. cxd4 {[%clk 1:33:06]} Nxd4 {[%clk 1:21:10]} 10. Nxd4
{[%clk 1:33:20]} Qxd4 {[%clk 1:20:35]} 11. Nf3 {[%clk 1:33:39]} Qb6
{[%clk 1:20:25]} 12. Qa4 {[%clk 1:33:52]} a6 {[%clk 1:13:21]} 13. Qg4
{[%clk 1:31:57]} Qb4 {[%clk 1:05:00]} 14. Qg3 {[%clk 1:17:14]} g6
{[%clk 0:36:26]} 15. a3 {[%clk 0:50:28]} Qb6 {[%clk 0:32:21]} 16. b4
{[%clk 0:42:09]} Bg7 {[%clk 0:25:06]} 17. h4 {[%clk 0:40:26]} Qc7
{[%clk 0:22:45]} 18. Bf4 {[%clk 0:39:32]} Nb8 {[%clk 0:16:24]} 19. Rac1
{[%clk 0:30:17]} Qd7 {[%clk 0:13:04]} 20. h5 {[%clk 0:28:30]} b5 {[%clk 0:10:47]}
21. h6 {[%clk 0:18:35]} Bf8 {[%clk 0:11:05]} 22. Bg5 {[%clk 0:18:44]} Be7
{[%clk 0:11:02]} 23. Bxe7 {[%clk 0:16:45]} Qxe7 {[%clk 0:11:30]} 24. Rxc8+
{[%clk 0:17:02]} 1-0

[Event "WCO2014"]
[Site "Tromso"]
[Date "2014.08.12"]
[Round "10.4"]
[WhiteID "10101012"]
[White "Pires Luzia"]
[BlackID "15003590"]
[Black "Manova Ivana"]
[Result "0-1"]
[LiveChessVersion "1.4.3"]
[BlackElo "1626"]
[WhiteElo "1538"]

1. e4 {[%clk 1:30:56]} e5 {[%clk 1:30:49]} 2. Nf3 {[%clk 1:31:18]} Nc6
{[%clk 1:31:11]} 3. Bc4 {[%clk 1:31:37]} Bc5 {[%clk 1:31:17]} 4. d3
{[%clk 1:31:44]} Nf6 {[%clk 1:30:57]} 5. Bg5 {[%clk 1:32:02]} d6 {[%clk 1:27:04]}
6. h3 {[%clk 1:32:24]} h6 {[%clk 1:25:10]} 7. Bh4 {[%clk 1:32:39]} g5
{[%clk 1:21:19]} 8. Bg3 {[%clk 1:31:51]} Be6 {[%clk 1:19:35]} 9. Bb3
{[%clk 1:30:41]} Qd7 {[%clk 1:16:22]} 10. Nbd2 {[%clk 1:25:57]} O-O-O
{[%clk 1:12:28]} 11. Ba4 {[%clk 1:24:16]} Qe8 {[%clk 0:57:48]} 12. Nb3
{[%clk 1:22:39]} Bb6 {[%clk 0:51:58]} 13. a3 {[%clk 1:08:04]} Bd7
{[%clk 0:47:14]} 14. h4 {[%clk 1:07:07]} g4 {[%clk 0:41:24]} 15. Nh2
{[%clk 1:07:09]} h5 {[%clk 0:39:23]} 16. f3 {[%clk 1:06:03]} Rg8 {[%clk 0:36:46]}
17. fxg4 {[%clk 1:02:16]} Nxg4 {[%clk 0:34:06]} 18. Qf3 {[%clk 1:02:06]} Nxh2
{[%clk 0:22:42]} 19. Rxh2 {[%clk 1:02:09]} Bg4 {[%clk 0:22:55]} 20. Qf1
{[%clk 1:01:19]} d5 {[%clk 0:14:19]} 21. exd5 {[%clk 0:59:40]} Rxd5
{[%clk 0:13:53]} 22. Nd2 {[%clk 0:58:20]} Rg6 {[%clk 0:04:48]} 23. Nf3
{[%clk 0:53:37]} e4 24. O-O-O {[%clk 0:53:42]} Bxf3 {[%clk 0:04:02]} 25. gxf3
{[%clk 0:53:40]} Rxg3 {[%clk 0:04:05]} 26. fxe4 {[%clk 0:54:02]} Re5
{[%clk 0:03:18]} 27. Rf2 {[%clk 0:54:03]} Bxf2 {[%clk 0:03:38]} 28. Qxf2
{[%clk 0:54:23]} Rg6 {[%clk 0:03:49]} 29. Rf1 {[%clk 0:54:23]} f6
{[%clk 0:03:25]} 30. Qf3 {[%clk 0:53:47]} Qe6 {[%clk 0:02:29]} 31. Bb3
{[%clk 0:53:18]} Qe7 {[%clk 0:01:58]} 32. Qh3+ {[%clk 0:53:06]} Kb8
{[%clk 0:02:10]} 33. Rf5 {[%clk 0:52:57]} Nd4 {[%clk 0:01:30]} 34. Rxe5
{[%clk 0:52:35]} Nxb3+ {[%clk 0:01:48]} 35. cxb3 {[%clk 0:52:48]} Qxe5
{[%clk 0:02:09]} 36. Kb1 {[%clk 0:52:28]} Rg4 {[%clk 0:02:07]} 37. Ka2
{[%clk 0:51:57]} Qg3 38. Qf1 {[%clk 0:51:40]} Rf4 {[%clk 0:01:53]} 39. Qc1
{[%clk 0:51:45]} Qxh4 {[%clk 0:00:57]} 40. Qc5 {[%clk 0:51:49]} b6
{[%clk 0:00:59]} 41. Qf8+ {[%clk 0:52:10]} Kb7 {[%clk 0:01:22]} 42. Qg8
{[%clk 0:52:19]} Qg5 {[%clk 0:01:36]} 43. Qf7 {[%clk 0:51:48]} h4 0-1

[Event "WCO2014"]
[Site "Tromso"]
[Date "2014.08.12"]
[Round "10.20"]
[WhiteID "9301194"]
[White "Al-Zarouni Kholoud Essa"]
[BlackID "4001249"]
[Black "Steil-Antoni Fiona"]
[Result "1/2-1/2"]
[LiveChessVersion "1.4.3"]
[BlackElo "2112"]
[WhiteElo "1862"]

1. e4 {[%clk 1:30:56]} d6 {[%clk 1:30:54]} 2. d4 {[%clk 1:31:01]} Nf6
{[%clk 1:31:17]} 3. Nc3 {[%clk 1:31:10]} Nbd7 {[%clk 1:31:40]} 4. Nf3
{[%clk 1:29:19]} e5 {[%clk 1:31:58]} 5. Be2 {[%clk 1:27:33]} Be7 {[%clk 1:32:15]}
6. O-O {[%clk 1:27:00]} O-O {[%clk 1:32:34]} 7. h3 {[%clk 1:24:58]} c6
{[%clk 1:32:20]} 8. Bd3 {[%clk 1:06:13]} exd4 {[%clk 1:28:38]} 9. Nxd4
{[%clk 1:06:25]} Nc5 {[%clk 1:28:13]} 10. Be3 {[%clk 0:59:39]} Re8
{[%clk 1:26:51]} 11. Nf3 {[%clk 0:57:24]} Nxd3 {[%clk 1:25:31]} 12. Qxd3
{[%clk 0:56:49]} h6 {[%clk 1:24:52]} 13. Rad1 {[%clk 0:52:43]} Qc7
{[%clk 1:23:02]} 14. Rfe1 {[%clk 0:46:35]} Nd7 {[%clk 1:21:42]} 15. Qd2
{[%clk 0:36:43]} Ne5 {[%clk 1:18:54]} 16. Nxe5 {[%clk 0:29:50]} dxe5
{[%clk 1:19:21]} 17. Qe2 {[%clk 0:28:54]} Be6 {[%clk 1:18:41]} 18. a3
{[%clk 0:28:51]} Kh7 {[%clk 1:15:01]} 19. Rd2 {[%clk 0:28:09]} Rg8
{[%clk 1:13:45]} 20. Kh2 {[%clk 0:19:37]} g6 {[%clk 1:12:31]} 21. g3
{[%clk 0:13:35]} b5 {[%clk 1:09:10]} 22. Qf1 {[%clk 0:10:17]} g5 {[%clk 1:07:24]}
23. g4 {[%clk 0:05:16]} a5 {[%clk 1:04:48]} 24. Ne2 {[%clk 0:05:02]} h5
{[%clk 1:00:33]} 25. f3 {[%clk 0:04:37]} h4 {[%clk 1:00:45]} 26. Ra1
{[%clk 0:03:57]} b4 {[%clk 0:58:33]} 27. axb4 {[%clk 0:04:00]} axb4
{[%clk 0:58:35]} 28. Rdd1 {[%clk 0:04:16]} Qb7 {[%clk 0:58:06]} 29. Rxa8
{[%clk 0:03:27]} Rxa8 {[%clk 0:58:33]} 30. Ra1 {[%clk 0:03:46]} Rxa1
{[%clk 0:51:16]} 31. Qxa1 {[%clk 0:04:11]} Qb5 {[%clk 0:51:27]} 32. Qd1
{[%clk 0:04:07]} c5 {[%clk 0:49:19]} 33. Qd2 {[%clk 0:02:07]} f6 {[%clk 0:48:58]}
34. Kg2 {[%clk 0:02:13]} Kg7 {[%clk 0:48:40]} 35. c3 {[%clk 0:01:21]} b3
{[%clk 0:46:55]} 36. Qe1 {[%clk 0:00:44]} c4 {[%clk 0:45:15]} 37. Qc1
{[%clk 0:00:34]} Qa6 {[%clk 0:45:10]} 38. Qd1 {[%clk 0:00:40]} Qa2
{[%clk 0:45:18]} 39. Bc1 {[%clk 0:01:03]} Qa7 {[%clk 0:40:52]} 40. Qd2
{[%clk 0:00:43]} Kf7 {[%clk 0:40:05]} 41. Qd1 {[%clk 0:00:42]} Ke8
{[%clk 0:38:04]} 42. Qd2 {[%clk 0:27:28]} Bc5 {[%clk 1:06:41]} 43. Kf1
{[%clk 0:26:23]} Ke7 {[%clk 1:06:57]} 44. Kg2 {[%clk 0:23:53]} Qa8
{[%clk 1:05:09]} 45. Qd1 {[%clk 0:21:51]} Bd7 {[%clk 1:03:52]} 46. Ng1
{[%clk 0:16:57]} Bb6 {[%clk 1:03:12]} 47. Qe2 {[%clk 0:14:29]} Qa1
{[%clk 1:00:32]} 48. Qd2 {[%clk 0:14:00]} Bc6 {[%clk 1:00:15]} 49. Ne2
{[%clk 0:08:36]} Qb1 {[%clk 0:59:01]} 50. Ng1 {[%clk 0:07:23]} Bc5
{[%clk 0:58:34]} 51. Qe1 {[%clk 0:06:07]} Qd3 {[%clk 0:56:37]} 52. Qe2
{[%clk 0:04:27]} Kd7 {[%clk 0:54:27]} 53. Kh1 {[%clk 0:04:05]} Kc7
{[%clk 0:53:48]} 54. Kg2 {[%clk 0:04:26]} Kb6 {[%clk 0:53:07]} 55. Kh1
{[%clk 0:04:15]} Kb5 {[%clk 0:48:44]} 56. Kg2 {[%clk 0:04:25]} Bb7
{[%clk 0:48:10]} 57. Kh1 {[%clk 0:04:03]} Bxg1 {[%clk 0:43:51]} 58. Qxd3
{[%clk 0:03:57]} cxd3 {[%clk 0:44:19]} 59. Kxg1 {[%clk 0:04:09]} d2
{[%clk 0:43:36]} 60. Bxd2 {[%clk 0:04:33]} Kc4 {[%clk 0:44:00]} 61. Be3
{[%clk 0:03:53]} Kd3 {[%clk 0:42:27]} 62. Bc5 {[%clk 0:04:03]} Kc2
{[%clk 0:42:28]} 63. Ba3 {[%clk 0:04:21]} Ba6 {[%clk 0:42:51]} 1/2-1/2

[Event "WCO2014"]
[Site "Tromso"]
[Date "2014.08.12"]
[Round "10.19"]
[WhiteID "4002440"]
[White "Biryukov Alice"]
[BlackID "9301500"]
[Black "Nouman Amna"]
[Result "0-1"]
[LiveChessVersion "1.4.3"]
[BlackElo "1869"]
[WhiteElo "1941"]

1. e4 {[%clk 1:30:57]} e5 {[%clk 1:30:58]} 2. Nf3 {[%clk 1:31:20]} Nc6
{[%clk 1:31:23]} 3. Bc4 {[%clk 1:31:42]} Bc5 {[%clk 1:31:39]} 4. c3
{[%clk 1:31:57]} Nf6 {[%clk 1:32:05]} 5. d4 {[%clk 1:32:17]} exd4
{[%clk 1:32:28]} 6. cxd4 {[%clk 1:32:42]} Bb4+ {[%clk 1:32:52]} 7. Bd2
{[%clk 1:33:02]} Bxd2+ {[%clk 1:33:14]} 8. Nbxd2 {[%clk 1:33:24]} d5
{[%clk 1:33:27]} 9. exd5 {[%clk 1:33:41]} Nxd5 {[%clk 1:33:51]} 10. O-O
{[%clk 1:33:55]} O-O {[%clk 1:34:13]} 11. Rc1 {[%clk 1:34:05]} Nce7
{[%clk 1:27:37]} 12. h3 {[%clk 1:28:43]} c6 {[%clk 1:26:16]} 13. Ne4
{[%clk 1:26:30]} h6 {[%clk 1:21:27]} 14. Ng3 {[%clk 1:25:14]} Nf4
{[%clk 1:17:11]} 15. Qd2 {[%clk 1:21:36]} Ned5 {[%clk 1:16:45]} 16. Ne5
{[%clk 1:18:41]} Be6 {[%clk 1:14:21]} 17. Ne4 {[%clk 1:08:06]} Re8
{[%clk 1:08:55]} 18. Kh1 {[%clk 0:59:42]} Qh4 {[%clk 1:03:50]} 19. Nf3
{[%clk 0:57:19]} Qd8 {[%clk 0:58:05]} 20. Nc5 {[%clk 0:49:37]} Rb8
{[%clk 0:57:10]} 21. Rfe1 {[%clk 0:48:44]} Qf6 {[%clk 0:54:23]} 22. Nxe6
{[%clk 0:39:23]} Rxe6 {[%clk 0:54:15]} 23. Ne5 {[%clk 0:33:06]} Qg5
{[%clk 0:48:37]} 24. f3 {[%clk 0:31:08]} Rd8 {[%clk 0:46:06]} 25. Re4
{[%clk 0:28:47]} Nxh3 {[%clk 0:41:59]} 26. Qe1 {[%clk 0:15:23]} Nf2+
{[%clk 0:36:40]} 27. Qxf2 {[%clk 0:13:34]} Qxc1+ {[%clk 0:37:01]} 28. Re1
{[%clk 0:13:21]} Qg5 {[%clk 0:36:49]} 29. Re4 {[%clk 0:10:32]} Re7
{[%clk 0:17:57]} 30. Kh2 {[%clk 0:06:45]} Nf6 {[%clk 0:16:56]} 31. Nxf7
{[%clk 0:04:08]} Rxf7 {[%clk 0:17:05]} 32. Bxf7+ {[%clk 0:04:02]} Kxf7
{[%clk 0:17:33]} 33. Re5 {[%clk 0:03:39]} Qf4+ {[%clk 0:17:54]} 0-1

[Event "WCO2014"]
[Site "Tromso"]
[Date "2014.08.12"]
[Round "10.18"]
[WhiteID "9302930"]
[White "Abeer Ali"]
[BlackID "4002970"]
[Black "Kremer Nadine"]
[Result "0-1"]
[LiveChessVersion "1.4.3"]
[BlackElo "1844"]
[WhiteElo "1657"]

1. e4 {[%clk 1:30:50]} Nf6 {[%clk 1:30:52]} 2. e5 {[%clk 1:30:11]} Nd5
{[%clk 1:31:17]} 3. d4 {[%clk 1:29:52]} d6 {[%clk 1:31:23]} 4. Bb5+
{[%clk 1:20:56]} c6 {[%clk 1:24:58]} 5. Be2 {[%clk 1:19:04]} g6 {[%clk 1:24:22]}
6. Nf3 {[%clk 1:13:39]} Bg4 {[%clk 1:17:21]} 7. Nbd2 {[%clk 1:12:27]} Bg7
{[%clk 1:17:16]} 8. c3 {[%clk 1:06:55]} O-O {[%clk 1:15:37]} 9. h3
{[%clk 1:05:24]} Bxf3 {[%clk 1:14:26]} 10. Nxf3 {[%clk 1:05:27]} Qc7
{[%clk 1:13:26]} 11. exd6 {[%clk 1:00:58]} Qxd6 {[%clk 1:12:52]} 12. O-O
{[%clk 1:00:57]} Nd7 {[%clk 1:12:10]} 13. Bd2 {[%clk 1:00:11]} Rac8
{[%clk 1:04:36]} 14. Qc1 {[%clk 0:55:19]} e6 {[%clk 0:58:07]} 15. Bh6
{[%clk 0:38:57]} c5 {[%clk 0:56:44]} 16. Bxg7 {[%clk 0:37:39]} Kxg7
{[%clk 0:57:12]} 17. Rd1 {[%clk 0:37:04]} Qb6 {[%clk 0:51:30]} 18. Ne5
{[%clk 0:26:24]} Rfd8 {[%clk 0:40:24]} 19. Nf3 {[%clk 0:11:51]} Nb8
{[%clk 0:38:01]} 20. a4 {[%clk 0:05:05]} a6 {[%clk 0:35:20]} 21. a5
{[%clk 0:04:19]} Qa7 {[%clk 0:34:17]} 22. Qc2 {[%clk 0:01:00]} Nc6
{[%clk 0:33:24]} 23. Qe4 {[%clk 0:00:40]} Nf6 {[%clk 0:32:38]} 24. Qe3
{[%clk 0:01:00]} cxd4 {[%clk 0:32:10]} 25. Nxd4 {[%clk 0:00:36]} Nxd4
{[%clk 0:31:06]} 26. Rxd4 {[%clk 0:00:40]} Rxd4 {[%clk 0:29:31]} 27. cxd4
{[%clk 0:01:08]} Rd8 {[%clk 0:25:47]} 28. Rd1 {[%clk 0:01:12]} Rd5
{[%clk 0:23:26]} 29. b4 {[%clk 0:01:06]} Qb8 {[%clk 0:23:50]} 30. Bc4
{[%clk 0:00:58]} Rd7 {[%clk 0:20:07]} 31. b5 {[%clk 0:00:49]} axb5
{[%clk 0:19:53]} 32. Bxb5 {[%clk 0:01:18]} Rd5 {[%clk 0:20:11]} 33. Qb3
{[%clk 0:00:39]} Qd8 {[%clk 0:11:43]} 34. Qa4 {[%clk 0:01:00]} e5
{[%clk 0:12:01]} 35. Be2 {[%clk 0:00:41]} exd4 {[%clk 0:10:56]} 36. Bf3
{[%clk 0:00:48]} Qxa5 {[%clk 0:09:27]} 37. Qxa5 {[%clk 0:00:59]} Rxa5
{[%clk 0:09:55]} 38. Rxd4 {[%clk 0:01:17]} Ra1+ {[%clk 0:08:17]} 39. Kh2
{[%clk 0:00:54]} Rb1 {[%clk 0:08:33]} 40. Kg3 {[%clk 0:00:39]} b5
{[%clk 0:08:38]} 41. Kf4 {[%clk 0:20:04]} Rb3 {[%clk 0:21:15]} 42. Bd1
{[%clk 0:17:38]} Rb2 {[%clk 0:21:00]} 43. Ke3 {[%clk 0:17:21]} Ne8
{[%clk 0:20:44]} 44. Rd7 {[%clk 0:16:18]} Kf6 {[%clk 0:20:36]} 45. Be2
{[%clk 0:14:26]} h5 {[%clk 0:19:51]} 46. Rd5 {[%clk 0:06:16]} b4 {[%clk 0:18:27]}
47. Bc4 {[%clk 0:06:16]} Nc7 {[%clk 0:17:17]} 48. Rd2 {[%clk 0:01:04]} Rb1
{[%clk 0:05:23]} 49. Ba2 {[%clk 0:01:20]} Rg1 {[%clk 0:03:27]} 50. g3
{[%clk 0:01:49]} Re1+ {[%clk 0:03:03]} 51. Kf3 {[%clk 0:00:41]} Re8
{[%clk 0:03:04]} 52. Rb2 {[%clk 0:00:35]} Rb8 {[%clk 0:03:29]} 53. Bc4
{[%clk 0:00:56]} Ne6 {[%clk 0:03:04]} 54. Bxe6 {[%clk 0:00:35]} Kxe6
{[%clk 0:03:33]} 55. Ke4 {[%clk 0:01:04]} g5 {[%clk 0:02:07]} 56. g4
{[%clk 0:00:45]} h4 {[%clk 0:01:25]} 57. Rb3 {[%clk 0:00:42]} Rb5
{[%clk 0:01:41]} 58. Kd4 {[%clk 0:00:44]} f5 {[%clk 0:01:13]} 59. f3
{[%clk 0:00:35]} Rb8 {[%clk 0:01:07]} 60. Kc4 {[%clk 0:00:40]} fxg4
{[%clk 0:01:15]} 61. fxg4 {[%clk 0:00:51]} Ke5 {[%clk 0:01:25]} 62. Re3+
{[%clk 0:00:37]} Kf4 {[%clk 0:01:46]} 63. Rb3 {[%clk 0:00:49]} Re8
{[%clk 0:01:36]} 0-1

[Event "WCO2014"]
[Site "Tromso"]
[Date "2014.08.12"]
[Round "10.17"]
[WhiteID "4000730"]
[White "Bakalarz Grazyna"]
[BlackID "9305335"]
[Black "Al Dhaffari Salma"]
[Result "1-0"]
[LiveChessVersion "1.4.3"]
[BlackElo "1599"]
[WhiteElo "1972"]

1. d4 {[%clk 1:30:59]} d5 {[%clk 1:30:49]} 2. Bf4 {[%clk 1:31:24]} Nf6
{[%clk 1:30:38]} 3. e3 {[%clk 1:31:49]} Bf5 {[%clk 1:30:26]} 4. Nf3
{[%clk 1:31:41]} Nbd7 {[%clk 1:26:42]} 5. c4 {[%clk 1:30:19]} e6 {[%clk 1:27:02]}
6. Nc3 {[%clk 1:30:03]} c6 {[%clk 1:27:08]} 7. Qb3 {[%clk 1:28:24]} Qb6
{[%clk 1:26:11]} 8. c5 {[%clk 1:27:33]} Qxb3 {[%clk 1:25:26]} 9. axb3
{[%clk 1:28:01]} b5 {[%clk 1:12:36]} 10. Ra6 {[%clk 1:22:44]} Bc2
{[%clk 1:06:23]} 11. Rxc6 {[%clk 1:18:42]} a6 {[%clk 1:04:19]} 12. b4
{[%clk 1:13:44]} Be7 {[%clk 0:59:46]} 13. Kd2 {[%clk 1:13:30]} Bg6
{[%clk 0:57:10]} 14. Be2 {[%clk 1:09:43]} O-O {[%clk 0:47:53]} 15. Ra1
{[%clk 1:07:07]} Ne4+ {[%clk 0:32:42]} 16. Nxe4 {[%clk 1:06:26]} Bxe4
{[%clk 0:33:05]} 17. Rcxa6 {[%clk 1:05:48]} Rxa6 {[%clk 0:29:42]} 18. Rxa6
{[%clk 1:06:10]} Nf6 {[%clk 0:30:09]} 19. Ra7 {[%clk 1:05:21]} Bxf3
{[%clk 0:26:07]} 20. gxf3 {[%clk 0:59:24]} Bd8 {[%clk 0:24:50]} 21. Bd6
{[%clk 0:58:20]} Re8 {[%clk 0:25:10]} 22. Bxb5 {[%clk 0:58:29]} 1-0

[Event "WCO2014"]
[Site "Tromso"]
[Date "2014.08.12"]
[Round "10.12"]
[WhiteID "10202587"]
[White "Shamima Akter Liza"]
[BlackID "14101360"]
[Black "Zsiltzova-Lisenko Lubov"]
[Result "1-0"]
[LiveChessVersion "1.4.3"]
[BlackElo "2262"]
[WhiteElo "2147"]

1. d4 {[%clk 1:30:53]} d5 {[%clk 1:30:59]} 2. c4 {[%clk 1:31:07]} dxc4
{[%clk 1:31:26]} 3. e4 {[%clk 1:31:26]} Nf6 {[%clk 1:31:51]} 4. e5
{[%clk 1:31:34]} Nd5 {[%clk 1:32:19]} 5. Bxc4 {[%clk 1:31:38]} Nb6
{[%clk 1:32:46]} 6. Bd3 {[%clk 1:31:31]} Nc6 {[%clk 1:33:09]} 7. Ne2
{[%clk 1:31:50]} Bg4 {[%clk 1:33:32]} 8. Be3 {[%clk 1:31:35]} Qd7
{[%clk 1:33:55]} 9. Nbc3 {[%clk 1:31:21]} O-O-O {[%clk 1:34:13]} 10. a4
{[%clk 1:30:27]} Nd5 {[%clk 1:29:40]} 11. Ne4 {[%clk 1:20:16]} e6
{[%clk 1:29:44]} 12. O-O {[%clk 1:20:08]} Ncb4 {[%clk 1:28:49]} 13. Bb5
{[%clk 1:10:22]} c6 {[%clk 1:29:13]} 14. Rc1 {[%clk 1:10:42]} Kb8
{[%clk 1:29:35]} 15. Bc4 {[%clk 1:08:16]} f5 {[%clk 1:29:41]} 16. exf6
{[%clk 1:06:34]} gxf6 {[%clk 1:30:01]} 17. h3 {[%clk 1:05:36]} Bh5
{[%clk 1:30:08]} 18. Qb3 {[%clk 0:55:07]} f5 {[%clk 1:30:07]} 19. N4c3
{[%clk 0:44:42]} Rg8 {[%clk 1:27:58]} 20. Nf4 {[%clk 0:41:06]} Bf7
{[%clk 1:26:55]} 21. a5 {[%clk 0:38:38]} Bd6 {[%clk 1:26:58]} 22. Bxd5
{[%clk 0:33:49]} exd5 {[%clk 1:25:33]} 23. Na4 {[%clk 0:32:01]} Na6
{[%clk 1:23:55]} 24. Nc3 {[%clk 0:27:42]} Rde8 {[%clk 1:22:02]} 25. Nce2
{[%clk 0:27:00]} Ka8 {[%clk 1:18:55]} 26. Kh1 {[%clk 0:22:52]} Re4
{[%clk 1:17:43]} 27. Qd3 {[%clk 0:21:09]} Qc7 {[%clk 1:13:48]} 28. Qd2
{[%clk 0:15:40]} Rge8 {[%clk 1:11:31]} 29. Ra1 {[%clk 0:13:23]} Bb4
{[%clk 1:07:02]} 30. Nc3 {[%clk 0:13:13]} Bxa5 {[%clk 1:06:26]} 31. Rxa5
{[%clk 0:10:22]} Rxe3 {[%clk 1:04:47]} 32. Ncxd5 {[%clk 0:05:51]} Rxh3+
{[%clk 1:04:47]} 33. gxh3 {[%clk 0:04:35]} cxd5 {[%clk 1:05:15]} 34. Rc1
{[%clk 0:02:15]} Qe7 {[%clk 1:05:03]} 35. b4 {[%clk 0:01:05]} Nxb4
{[%clk 1:03:45]} 36. Qe3 {[%clk 0:00:34]} Qd7 {[%clk 1:01:53]} 37. Qa3
{[%clk 0:00:32]} Nc6 {[%clk 1:01:58]} 38. Ra4 {[%clk 0:00:45]} Kb8
{[%clk 0:59:28]} 39. Nd3 {[%clk 0:00:43]} f4 {[%clk 0:57:47]} 40. Nc5
{[%clk 0:01:01]} Qf5 {[%clk 0:56:36]} 41. Qb3 {[%clk 0:11:31]} Qc8
{[%clk 1:21:38]} 42. Rb1 {[%clk 0:07:05]} Re7 {[%clk 1:21:16]} 43. Qa3
{[%clk 0:03:16]} Bg6 {[%clk 1:16:03]} 44. Rc1 {[%clk 0:03:01]} Qe8
{[%clk 0:44:12]} 45. Kh2 {[%clk 0:01:14]} Bf5 {[%clk 0:40:45]} 46. Ra1
{[%clk 0:00:40]} b6 {[%clk 0:36:09]} 47. Na6+ {[%clk 0:00:46]} Kb7
{[%clk 0:35:05]} 48. Nb4 {[%clk 0:00:39]} Na5 {[%clk 0:32:03]} 49. Rxa5
{[%clk 0:00:38]} bxa5 {[%clk 0:32:01]} 50. Qxa5 {[%clk 0:01:07]} Kb8
{[%clk 0:27:49]} 51. Na6+ {[%clk 0:01:22]} Kb7 {[%clk 0:25:32]} 52. Qxd5+
{[%clk 0:01:34]} Qc6 {[%clk 0:25:00]} 53. Nc5+ {[%clk 0:01:43]} Kc7
{[%clk 0:24:52]} 54. Rxa7+ {[%clk 0:01:33]} 1-0